000 00252nam a2200109Ia 4500
008 190216s9999||||xx |||||||||||||| ||und||
100 _aGupta S K
245 0 _aIndustrial Economics
260 _bVishal Publcations
_c2001
300 _a592p
942 _cBK
999 _c10601
_d10601